000 00748nam a2200193Ia 4500
003 GCL
008 140319s9999 xx 000 0 ara d
040 _aGCL /
_cGCL
082 0 4 _a333.91053
_bع م
100 1 _aعزالدين فراج
245 1 0 _aالموارد المائية فى الوطن العربى :
_bوترشيد استهلاك المياه فى المزارع والمصانع والمنازل /
_cعزالدين فراج
260 _aالقاهرة :
_bدار الفكر العربى
300 _a178 ص ؛
_c24 سم
650 0 4 _aالمياه
650 0 4 _aالمياه الاقليمية
650 0 4 _aالموارد المائية - العالم العربى
650 0 4 _aالموارد المائية
942 _2ddc
_cBK
999 _c8021
_d8021